| 000 | 00436nam a2200181Ia 4500 | ||
|---|---|---|---|
| 005 | 20250603145347.0 | ||
| 008 | 250603s9999 xx 000 0 und d | ||
| 020 | _a81-207-0071-6 | ||
| 050 | _aLB 157 .K63/ | ||
| 100 | _aKochhar, S. K. | ||
| 245 | 0 | _aMethods and techniques of teaching | |
| 260 | _aNew Delhi | ||
| 260 | _bSterling Publishers Private | ||
| 260 | _c2007 | ||
| 300 | _a364 p | ||
| 650 | _aNew Delhi | ||
| 942 | _cBK | ||
| 999 |
_c41635 _d41635 |
||